000 00722nam a2200193Ia 4500
999 _c46286
_d46286
001 13120
003 GE_BSU
005 20240909121939.0
008 181216s2014||||ge |||||||||||||| ||geo||
040 _cGE_BSU
041 _ageo
080 _a821.353.1-1 ჯ-27
100 _aჯაყელი, ჯემალ (სარგის)
_923185
245 _aსიცოცხლით შენი ვალდებული /
_cჯემალ (სარგის) ჯაყელი.
264 _aთბილისი :
_bშპს ”პოლიგრაფი”,
_c2014.
300 _a165 გვ. ;
_c20 სმ.
653 _aსიცოცხლით შენი ვალდებული
942 _cBK
_2udc